Монооксистеариновые кислоты - сырье для высококачественных пластичных смазок: получение, свойства, анализ: реферативный обзор

Dettagli Bibliografici
Autore principale: Маньковская Н. К. Нина Константиновна
Ente Autore: ВНИИПКНефтехим
Altri autori: Маскаев А. К. Анатолий Ксенофонтович, Краснова Б. И. Бася Ильинична
Lingua:russo
Pubblicazione: Киев, Наукова думка, 1971
Soggetti:
Natura: Libro
KOHA link:https://koha.lib.tpu.ru/cgi-bin/koha/opac-detail.pl?biblionumber=94418

MARC

LEADER 00000nam0a2200000 4500
001 94418
005 20231101213940.0
035 |a (RuTPU)RU\TPU\book\101140 
090 |a 94418 
100 |a 20060411d1971 km y0rusy50 ca 
101 0 |a rus 
102 |a UA 
105 |a a z 001zy 
200 1 |a Монооксистеариновые кислоты - сырье для высококачественных пластичных смазок  |e получение, свойства, анализ: реферативный обзор  |f Н. К. Маньковская, А. К. Маскаев, Б. И. Краснова  |g ВНИИПКНефтехим 
210 |a Киев  |c Наукова думка  |d 1971 
215 |a 116 с.  |c черт. 
320 |a Библиогр.: с. 106-116. 
610 1 |a оксистеариновые кислоты 
610 1 |a консистентные смазки 
610 1 |a производство 
610 1 |a сырье 
610 1 |a получение 
610 1 |a свойства 
610 1 |a анализ 
675 |a 661.73  |v 3 
675 |a 661.75  |v 3 
700 1 |a Маньковская  |b Н. К.  |g Нина Константиновна 
701 1 |a Маскаев  |b А. К.  |g Анатолий Ксенофонтович 
701 1 |a Краснова  |b Б. И.  |g Бася Ильинична 
712 0 2 |a ВНИИПКНефтехим  |2 stltpush  |3 (RuTPU)RU\TPU\col\8742  |9 24572 
801 1 |a RU  |b 63413507  |c 20060411  |g PSBO 
801 2 |a RU  |b 63413507  |c 20180613  |g PSBO 
942 |c BK